10 Christian values every kid should know : (Record no. 2920)

MARC details
000 -LEADER
fixed length control field 00918nam a2200253Ia 4500
001 - CONTROL NUMBER
control field 43839997
003 - CONTROL NUMBER IDENTIFIER
control field AUA.1
005 - DATE AND TIME OF LATEST TRANSACTION
control field 20230718145157.0
008 - FIXED-LENGTH DATA ELEMENTS--GENERAL INFORMATION
fixed length control field 000412s2000 mdu 000 0 eng d
020 ## - INTERNATIONAL STANDARD BOOK NUMBER
International Standard Book Number 0828015066
040 ## - CATALOGING SOURCE
Original cataloging agency EXN
Transcribing agency EXN
049 ## - LOCAL HOLDINGS (OCLC)
Holding library EXNs
-- EXNh
090 ## - LOCALLY ASSIGNED LC-TYPE CALL NUMBER (OCLC); LOCAL CALL NUMBER (OCLC)
Classification number (OCLC) (R) ; Classification number, CALL (RLIN) (NR) BV 1475.2
Local cutter number (OCLC) ; Book number/undivided call number, CALL (RLIN) .H233 2000
100 1# - MAIN ENTRY--PERSONAL NAME
Personal name Habenicht, Donna.
9 (RLIN) 10461
245 10 - TITLE STATEMENT
Title 10 Christian values every kid should know :
Remainder of title a how-to guide for families /
Statement of responsibility, etc by Donna J. Habenicht.
246 13 - VARYING FORM OF TITLE
Title proper/short title Ten Christian values every kid should know.
260 ## - PUBLICATION, DISTRIBUTION, ETC. (IMPRINT)
Place of publication, distribution, etc Hagerstown, MD :
Name of publisher, distributor, etc Review and Herald Pub. Association,
Date of publication, distribution, etc c2000.
300 ## - PHYSICAL DESCRIPTION
Extent 272 p. :
Dimensions 23 cm.
504 ## - BIBLIOGRAPHY, ETC. NOTE
Bibliography, etc Includes bibliographical references.
650 #0 - SUBJECT ADDED ENTRY--TOPICAL TERM
Topical term or geographic name as entry element Christian education of children.
9 (RLIN) 10462
650 #0 - SUBJECT ADDED ENTRY--TOPICAL TERM
Topical term or geographic name as entry element Values
General subdivision Youth
-- Seventh-day Adventists.
9 (RLIN) 10463
690 ## - LOCAL SUBJECT ADDED ENTRY--TOPICAL TERM (OCLC, RLIN)
Topical term or geographic name as entry element Seventh-day Adventist publications.
9 (RLIN) 10464
942 ## - ADDED ENTRY ELEMENTS (KOHA)
Source of classification or shelving scheme Library of Congress Classification
Koha item type Children's Collection
Classification part BV 1475.2
Item part .H233 2000
Holdings
Withdrawn status Lost status Source of classification or shelving scheme Damaged status Not for loan Collection code Home library Current library Shelving location Date acquired Source of acquisition Cost, normal purchase price Serial Enumeration / chronology Total Checkouts Total Renewals Full call number Barcode Checked out Date last seen Date checked out Cost, replacement price Price effective from Koha item type
    Library of Congress Classification     Children's Collection Judith Thomas Library Judith Thomas Library Children's Collection 31/10/2011 Donation, Biblical Research Institute 14.99 AUA003299 16 11 BV 1475.2 .H233 2000 AUA003299 24/09/2025 27/08/2025 27/08/2025 14.99 31/10/2011 Children's Collection